Statistiques concernant Top 10 des plus petits pays d'Asie (population)

Cliquez ici pour prendre le quiz!

Statistiques générales

  • Ce quiz a été pris 107 fois
  • Le résultat moyen est 7 sur 10

Statistiques - réponses

PopulationPays% Correct
716,896Bhoutan
90%
408,786Brunei
86%
2,334,029Qatar
86%
1,316,500Bahreïn
81%
394,451Maldives
77%
1,143,667Timor-Oriental
73%
2,970,495Armenie
66%
1,138,071Chypre
63%
3,179,997Mongolie
63%
3,090,150Oman
63%

Distribution des résultats

Percentile par nombre de réponses

% des personnes avec chaque résultat

Votre développement - résultats

Vous n’avez pas pris ce quiz